Statistiques concernant La France en quiz

Cliquez ici pour prendre le quiz!

Statistiques générales

  • Ce quiz a été pris 1 306 fois
    (408 depuis la dernière actualisation)
  • Le résultat moyen est 16 sur 22

Statistiques - réponses

QuestionRéponse% Correct
Langue officielleFrançais
100%
CapitaleParis
100%
Fête nationale14 juillet
99%
Deuxième plus grande villeMarseille
99%
PrésidentEmmanuel Macron
98%
MonnaieEuro et Franc Pacifique
97%
Ancienne monnaieFranc français
96%
Continent principaleEurope
95%
HymneLa Marseillaise
95%
DeviseLiberté, Egalité, Fraternité
90%
Premier ministreÉlisabeth Borne
78%
Premier président de la Ve RépubliqueCharles de Gaulle
77%
Indicatif téléphonique métropolitain+33
74%
Nombre d'habitant68 millions
69%
Nombre de région18 régions
60%
GentiléFrançais, Française
58%
Forme de l'étatRépublique semi-présidentielle
58%
Domaine internet.fr
52%
Religion principaleCatholicisme
49%
Nom en forme longueRépublique française
44%
Superficie (en km²)672 051 km²
15%
Produit intérieur brut (PIB en $)2900 milliards de dollars (7e)
7%

Distribution des résultats

Percentile par nombre de réponses

% des personnes avec chaque résultat

Votre développement - résultats

Vous n’avez pas pris ce quiz depuis la dernière actualisation